00385nam a2200121Ia 4500008004100000245008300041260002400124260000900148300000700157650002300164650001200187856006400199170516s9999 xx 000 0 und d aCurrent and future biocompatibility aspects of biomaterials for hip prosthesis bAIMS Bioengineering c2016 a:1 xMedical Technology xMedtech uhttp://www.aimspress.com/journal/Bioengineering/2016/1.html